000 01028nam0a22002891 4500
001 rc\3531482
005 20130115143853.7
021 _aRU
_b[70-67443]
035 _a(NLR Aleph) 007665623
090 _a6379521
_c6379521
100 _a20130115d1970 |||y0rusy50 ca
101 1 _arus
_cfin
102 _aRU
105 _aac z |||a|
200 1 _aТойво Антикайнен
_eДокум. повесть
_f[Перевод с фин. Т. Викстрем и В. Машина]
210 _aПетрозаводск
_cКарелия
_d1970
215 _a240 с., 1 л. портр.
_cил.
_d22
601 0 2 _aКоммунистическая партия Финляндии
_xИстория
_2psbo
700 1 _aВикстрем
_bУ. К.
_f1910-
_gУльяс Карлович
702 1 _aМашин
_bВ.
_4730
702 1 _aАнтикайнен
_bТ.
_gТойво
_4570
702 1 _aВикстрем
_bТ.
_4730
801 0 _aRU
_bNLR
_gpsbo
801 1 _aRU
_bELAR
_2rusmarc
852 _aNLR
_j70-3/5362
942 _cBOOK
980 _aNB